Makrónky 30 receptov na perfektné sladkosti

Bibliographic Details
Main Author: Drake, Angela (Author)
Other Authors: Streeter, Clive (Photographer), Šeršeňová, Zuzana, 1969- (Translator), Behulová, Jana (Editor)
Format: Book
Language:Slovak
English
PhysicalDescription:80 s. fotogr. 21 cm
Published: Bratislava Slovart 2012
ISBN:9788055607368
Edition:1. slov. vyd.
Subjects:

MARC

LEADER 00000nam a2200000 a 4500
001 vtls010479144
003 SK-MaSNL
005 20260301100134.0
008 240314s2012 xo 000 0 slo
015 |a SNB2013 
020 |a 9788055607368  |q (viaz.) 
035 |a B8065A47-DAC2-4A52-8291-7742A47F3CE4 
035 |a urn:nbn:sk:snk-amjmdg 
035 |a urn:nbn:sk:snk-am001ny5 
040 |a SNK  |b slo  |c SNK  |e AACR2 
041 1 |a slo  |h eng 
044 |a xo  |c SK 
072 7 |a 641  |x Kuchárstvo. Potraviny. Varené jedlá  |2 konspekt 
080 |a 64  |2 2001 
080 |a 641.85  |2 2001 
080 |a (083.12)  |2 2001 
100 1 |a Drake, Angela  |4 aut  |9 432508 
240 1 0 |a Macaroon  |l Slovensky 
245 1 0 |a Makrónky  |b 30 receptov na perfektné sladkosti  |c [ Angela Drake ; fotografie Clive Streeter ; z anglického originálu preložila Zuzana Šeršeňová ; editorka Jana Behulová] 
250 |a 1. slov. vyd. 
260 |a Bratislava  |b Slovart  |c 2012 
300 |a 80 s.  |b fotogr.  |c 21 cm 
500 |a Preložené z angličtiny 
504 |a Register 
650 0 7 |a múčniky  |2 SNKPH  |9 669 
650 0 7 |a koláče  |2 SNKPH  |9 51333 
650 0 7 |a Desserts  |2 SNKPHeng  |9 330911 
650 0 7 |a Pies  |2 SNKPHeng  |9 329231 
655 7 |a kuchárske recepty  |2 SNKPH  |9 70493 
655 7 |a Cookbooks  |2 SNKPHeng  |9 270340 
700 1 |a Streeter, Clive  |4 pht  |9 277507 
700 1 |a Šeršeňová, Zuzana,  |d 1969-  |4 trl  |9 218972 
700 1 |a Behulová, Jana  |4 edt  |9 154294 
919 |a 978-80-556-0736-8 
958 |a OP 
968 |b ENG 
999 |c 685313  |d 687243 
952 |a SNK  |b SNK  |y PREZ  |7 0  |p 17A1059559  |o snkSC 152398  |i snk2012/25839  |8 0  |0 0  |1 0  |4 0  |d 2012-12-14  |l 0  |r 2025-07-23 00:00:00  |w 2026-02-23 
952 |a SNK  |b SNK  |y VYP  |7 0  |p 17A1059570  |o snkSC 152398 D1  |i snk2012/25840  |8 0  |0 0  |1 0  |4 0  |d 2012-12-14  |f 1  |l 0  |r 2026-02-23 20:10:10  |w 2026-02-23